[Event "Turkish Cup 2016"]
[Site "Manavgat TUR"]
[Date "2016.02.06"]
[Round "11.16"]
[White "Zor, Alber Kadir"]
[Black "Yilmaz, Goktan"]
[Result "0-1"]
[WhiteElo "2134"]
[BlackElo "1990"]
[WhiteTeam "ANKARA"]
[BlackTeam "ANKARA"]
[WhiteFideId "6353169"]
[BlackFideId "6354904"]
[EventDate "2016.01.30"]

1. Nf3 Nf6 2. c4 e6 3. g3 d5 4. Bg2 Be7 5. b3 c5 6. Bb2 Nc6 7. O-O d4 8. e3 e5
9. exd4 exd4 10. Re1 O-O 11. Ne5 Nxe5 12. Rxe5 Bd6 13. Re1 Bg4 14. Bf3 Qd7 15.
d3 Qf5 16. Nd2 Qxd3 17. Bxg4 Nxg4 18. Ne4 Qxd1 19. Raxd1 Be7 20. b4 Ne5 21. bxc5
Nf3+ 22. Kf1 Nxe1 23. Rxe1 Rfd8 24. Ba3 b6 25. Nd6 Bf8 26. Nb7 Rd7 27. c6 Rc7
28. Bxf8 Kxf8 29. Rd1 Rxc6 30. Rxd4 Rb8 31. Rd7 Ke8 0-1

[Event "Turkish Cup 2016"]
[Site "Manavgat TUR"]
[Date "2016.02.06"]
[Round "11.17"]
[White "Tasdogen, Dincer"]
[Black "Ozalp, Burak"]
[Result "0-1"]
[WhiteElo "1984"]
[BlackElo "2131"]
[WhiteTeam "ANTALYA"]
[BlackTeam "ANKARA"]
[WhiteFideId "6367097"]
[BlackFideId "6314210"]
[EventDate "2016.01.30"]

1. e4 c5 2. Nf3 e6 3. c4 Nc6 4. d4 cxd4 5. Nxd4 Nf6 6. Nc3 Bb4 7. Nxc6 bxc6 8.
Bd3 e5 9. O-O O-O 10. Be3 Bxc3 11. bxc3 d6 12. f3 Be6 13. Qa4 Qc7 14. Rfd1 Nd7
15. Qa3 c5 16. Bf1 Rfd8 17. Rd2 a5 18. Rb1 Nb6 19. Qb3 Rab8 20. Rdb2 h6 21. Qb5
Nxc4 22. Qxb8 Rxb8 23. Rxb8+ Kh7 24. Bf2 Na3 25. R1b7 Qc6 26. Rb6 Qd7 27. R8b7
Qd8 28. Rb8 Qe7 29. R8b7 Qg5 30. Rxd6 Qc1 31. Rxe6 fxe6 32. Bxc5 Nc4 33. Kf2
Qd2+ 34. Be2 Nb2 35. Kf1 Qc2 36. Rb5 Nd3 37. Be3 a4 38. g4 a3 39. Ra5 Qb1+ 40.
Kg2 Qxa2 41. Kf1 Qb1+ 42. Kg2 Qa2 43. Kf1 Nf4 44. Ba6 Qg2+ 45. Ke1 a2 46. Bc4
Qb2 0-1

[Event "Turkish Cup 2016"]
[Site "Manavgat TUR"]
[Date "2016.02.06"]
[Round "11.18"]
[White "Ozen, Deniz"]
[Black "Tepe, Efe Can"]
[Result "1/2-1/2"]
[WhiteTitle "FM"]
[WhiteElo "2061"]
[BlackElo "1887"]
[WhiteTeam "IZMIR"]
[BlackTeam "ANKARA"]
[WhiteFideId "6349196"]
[BlackFideId "6348297"]
[EventDate "2016.01.30"]

1. e4 e6 2. d4 d5 3. Nc3 Nc6 4. e5 f6 5. Bb5 Bd7 6. Nf3 Qe7 7. O-O Qf7 8. Re1
O-O-O 9. Rb1 h6 10. a4 g5 11. exf6 Qxf6 12. Bxc6 Bxc6 13. Ne5 Be8 14. Re3 Ne7
15. Ne2 Nf5 16. Rf3 Qg7 17. Ng3 Bd6 18. Nxf5 exf5 19. Rxf5 Bg6 20. Nxg6 Qxg6 21.
Qg4 Kb8 22. Be3 Rhf8 23. Rxf8 Rxf8 24. Rc1 Rf5 25. Re1 h5 26. Qe2 a6 27. c3 g4
28. c4 dxc4 29. Qxc4 h4 30. d5 h3 31. Qd4 hxg2 32. Qa7+ Kc8 33. Qa8+ Kd7 34.
Qxb7 Qh5 35. Qc6+ Kd8 36. Qa8+ Kd7 37. Qc6+ Kd8 38. Bg5+ Rxg5 39. Qa8+ Kd7 40.
Qc6+ Kd8 41. Qa8+ Kd7 1/2-1/2

[Event "Turkish Cup 2016"]
[Site "Manavgat TUR"]
[Date "2016.02.06"]
[Round "11.19"]
[White "Kucuk, Dogan"]
[Black "Yazici, Ugur Doga"]
[Result "1-0"]
[WhiteElo "2066"]
[BlackElo "1965"]
[WhiteTeam "ANTALYA"]
[BlackTeam "ANKARA"]
[WhiteFideId "6312985"]
[BlackFideId "6363342"]
[EventDate "2016.01.30"]

1. d4 Nf6 2. Nf3 e6 3. c4 b6 4. a3 Bb7 5. Nc3 Be7 6. d5 exd5 7. cxd5 O-O 8. e4
Re8 9. Bd3 c6 10. O-O cxd5 11. exd5 d6 12. b4 Na6 13. Bb5 Rf8 14. Nd4 Nc7 15.
Nc6 Qd7 16. Ba4 b5 17. Nxe7+ Qxe7 18. Nxb5 Ncxd5 19. Re1 Qd7 20. Nd4 Qc7 21. Bb2
Rac8 22. Nf5 Rfd8 23. Bxf6 Nxf6 24. Ne7+ Kh8 25. Nxc8 Qxc8 26. Rc1 Qf5 27. Rc7
Bd5 28. Bb3 Ba8 29. f3 d5 30. Qd4 Nh5 31. Qg4 Qxg4 32. fxg4 Nf4 33. Rxf7 Ng6 34.
Ba4 Kg8 35. Rxa7 1-0

[Event "Turkish Cup 2016"]
[Site "Manavgat TUR"]
[Date "2016.02.06"]
[Round "11.20"]
[White "Temizkan, Denizcan"]
[Black "Karayel, Atagun"]
[Result "1-0"]
[WhiteTitle "FM"]
[WhiteElo "2002"]
[BlackElo "1919"]
[WhiteTeam "HATAY"]
[BlackTeam "KARAMAN"]
[WhiteFideId "6325157"]
[BlackFideId "6305318"]
[EventDate "2016.01.30"]

1. d4 e6 2. c4 Bb4+ 3. Bd2 a5 4. Nf3 d6 5. g3 Nc6 6. Bg2 e5 7. dxe5 dxe5 8. Nc3
Nf6 9. O-O O-O 10. a3 Bxc3 11. Bxc3 Qe7 12. b4 Rd8 13. Qc2 axb4 14. axb4 Rxa1
15. Rxa1 e4 16. Ng5 e3 17. Rf1 h6 18. Bxf6 Qxf6 19. Qh7+ Kf8 20. Ne4 exf2+ 21.
Rxf2 Qa1+ 22. Rf1 Qd4+ 23. Kh1 Be6 24. Nc5 Bxc4 25. Nxb7 Bxe2 26. Nxd8 Nxd8 27.
Rc1 Ne6 28. Qe4 Qd2 29. Qc2 Qe3 30. Re1 Nd4 31. Qxc7 Kg8 32. Qf4 Qc3 33. Rc1 Nc2
34. Be4 g5 35. Qf2 Qxb4 36. Qxe2 1-0

[Event "Turkish Cup 2016"]
[Site "Manavgat TUR"]
[Date "2016.02.06"]
[Round "11.21"]
[White "Koc, Ilkay"]
[Black "Gulbeyaz, Emir"]
[Result "1-0"]
[WhiteElo "2045"]
[BlackElo "1936"]
[WhiteTeam "BURSA"]
[BlackTeam "KARAMAN"]
[WhiteFideId "6304486"]
[BlackFideId "6377076"]
[EventDate "2016.01.30"]

1. d4 Nf6 2. c4 g6 3. Nc3 d5 4. Nf3 Bg7 5. Bf4 O-O 6. e3 c5 7. dxc5 Qa5 8. Rc1
dxc4 9. Bxc4 Qxc5 10. Bb3 Nc6 11. O-O Rd8 12. Nd5 Qb5 13. a4 Qa5 14. Bc7 Rxd5
15. Bxa5 Rxd1 16. Rfxd1 Nxa5 17. Rd8+ Bf8 18. Bxf7+ Kxf7 19. Ng5+ Kg8 20. Rcxc8
Rxc8 21. Rxc8 h6 22. Ne6 Nd7 23. Rc7 Kf7 24. Nxf8 Nxf8 25. b4 Ne6 26. Rc8 Nc6
27. b5 Na5 28. Ra8 Nc5 29. Rxa7 b6 30. h4 Kf6 31. g4 e5 32. f4 e4 33. Rh7 Nxa4
34. Rxh6 Kg7 35. g5 Nc4 36. h5 gxh5 37. Re6 Nc5 38. Rc6 Nxe3 39. Rxc5 bxc5 40.
b6 Nc2 41. b7 e3 42. b8=Q e2 43. Qe5+ 1-0

[Event "Turkish Cup 2016"]
[Site "Manavgat TUR"]
[Date "2016.02.06"]
[Round "11.22"]
[White "Yigit, Ahmet Yasir"]
[Black "Erdogan, Hakan"]
[Result "0-1"]
[BlackTitle "FM"]
[WhiteElo "1961"]
[BlackElo "2170"]
[WhiteTeam "BURSA"]
[BlackTeam "ISTANBUL"]
[WhiteFideId "6356478"]
[BlackFideId "6300359"]
[EventDate "2016.01.30"]

1. e4 Nc6 2. d4 d5 3. e5 f6 4. f4 Nh6 5. Nf3 Bg4 6. Be2 Nf5 7. c3 g6 8. Na3 Bg7
9. Nc2 O-O 10. Ne3 Nxe3 11. Bxe3 e6 12. Qd2 Na5 13. b3 b6 14. O-O Rc8 15. h3 Bf5
16. Ba6 Rb8 17. Bd3 Bxd3 18. Qxd3 Rc8 19. Rac1 c5 20. b4 cxb4 21. cxb4 Nc4 22.
b5 Qd7 23. Rb1 f5 24. Nd2 Nxe3 25. Qxe3 Rc2 26. a4 Rfc8 27. Nf3 R8c3 28. Qe1 Ra3
29. Ra1 Rxa1 30. Qxa1 Qc8 31. a5 h6 32. axb6 axb6 33. Qa7 Qd8 34. Ra1 Bf8 35.
Ra6 g5 36. fxg5 hxg5 37. Qxb6 Qxb6 38. Rxb6 g4 39. hxg4 fxg4 40. Ng5 g3 41. Kf1
Rf2+ 42. Ke1 Bb4+ 43. Kd1 Rxg2 44. Rb8+ Kg7 45. Nxe6+ Kf7 46. Ng5+ Kg6 47. Nf3
Kg7 48. b6 Rb2 49. Kc1 Ba3 50. Ra8 Rb3+ 51. Kc2 Rxf3 52. b7 Rf2+ 53. Kd3 Rf3+
54. Ke2 Rf2+ 55. Ke3 Bc1+ 56. Kd3 Rd2+ 57. Ke3 Rb2+ 58. Kf3 Rxb7 59. Kxg3 Rb4
60. Kg4 Rxd4+ 61. Kf5 Rf4+ 62. Ke6 d4 63. Rd8 Bb2 64. Rd7+ Kg6 65. Rd8 Kg5 66.
Rg8+ Kh4 67. Rg2 Bc3 68. Kd7 d3 69. e6 Rd4+ 70. Kc6 Bb4 71. Rg1 d2 72. Rd1 Kg5 0-1

[Event "Turkish Cup 2016"]
[Site "Manavgat TUR"]
[Date "2016.02.06"]
[Round "11.23"]
[White "Tirak, Mert"]
[Black "Yaran, Siar"]
[Result "0-1"]
[BlackTitle "CM"]
[WhiteElo "1915"]
[BlackElo "2195"]
[WhiteTeam "ADANA"]
[BlackTeam "KAHRAMANMARAS"]
[WhiteFideId "6311830"]
[BlackFideId "6323006"]
[EventDate "2016.01.30"]

1. e4 e5 2. Nf3 Nc6 3. Bb5 d6 4. Nc3 Bd7 5. d4 exd4 6. Nxd4 g6 7. Be3 Bg7 8. Qd2
Nf6 9. Bxc6 bxc6 10. Bh6 Bxh6 11. Qxh6 Qe7 12. O-O-O O-O-O 13. f3 Kb7 14. Nb3
Rhe8 15. Qe3 Ka8 16. Qd3 Rb8 17. Qc4 Qe6 18. Qa4 Rb6 19. Nd4 Qe5 20. Qc4 Reb8
21. b3 Rb4 22. Qd3 Qa5 23. a4 c5 24. Ndb5 Be6 25. Na2 R4xb5 26. axb5 Qxa2 27. c4
a6 28. Qc3 Nd7 29. Rd2 Qa3+ 30. Kc2 Qb4 31. Qb2 axb5 32. Ra1+ Kb7 33. cxb5 Qxb5
34. Rd3 Ne5 35. Re3 Nc6 36. Ra4 Kc8 37. Ra3 Nd4+ 38. Kd2 Qf1 39. Re1 Qf2+ 0-1

[Event "Turkish Cup 2016"]
[Site "Manavgat TUR"]
[Date "2016.02.06"]
[Round "11.24"]
[White "Marasli, Tutku Kahraman"]
[Black "Kiremitciyan, Ari"]
[Result "1-0"]
[WhiteElo "2145"]
[BlackElo "1998"]
[WhiteTeam "KAYSERI"]
[BlackTeam "ISTANBUL"]
[WhiteFideId "6307493"]
[BlackFideId "6373445"]
[EventDate "2016.01.30"]

1. e4 d6 2. d4 Nf6 3. Nc3 e5 4. Nf3 Nbd7 5. Be2 Be7 6. O-O O-O 7. h3 Re8 8. Re1
c6 9. a4 b6 10. Bc4 Bb7 11. dxe5 dxe5 12. Qe2 Bc5 13. Bg5 a6 14. Rad1 Qc7 15.
Nh4 b5 16. Bb3 g6 17. Rd3 Be7 18. Rg3 Nc5 19. Nf5 Nxb3 20. cxb3 Bd8 21. Rd1 Re6
22. Nh6+ Kf8 23. Rgd3 Be7 24. Bxf6 Rxf6 25. Rd7 Qb8 26. Qd2 Re6 27. Ng4 Kg8 28.
Qh6 Bf8 29. Qh4 Kg7 30. Rd8 1-0

[Event "Turkish Cup 2016"]
[Site "Manavgat TUR"]
[Date "2016.02.06"]
[Round "11.25"]
[White "Karaahmetoglu, Ege"]
[Black "Kucuksari, Kaan"]
[Result "1-0"]
[WhiteElo "2017"]
[BlackElo "2200"]
[WhiteTeam "ANKARA"]
[BlackTeam "ANTALYA"]
[WhiteFideId "6361145"]
[BlackFideId "6380166"]
[EventDate "2016.01.30"]

1. e4 c6 2. c4 d5 3. exd5 cxd5 4. d4 Nf6 5. Nc3 Nc6 6. Bg5 Be6 7. a3 Qd7 8. Be2
Rd8 9. Bxf6 exf6 10. c5 g5 11. Bb5 Bg7 12. Nge2 O-O 13. O-O f5 14. f4 g4 15. Qd3
h5 16. b4 Qc7 17. Bxc6 bxc6 18. a4 Bc8 19. b5 Rfe8 20. Qd2 Re7 21. Rfb1 Qa5 22.
Ra2 Qc7 23. b6 axb6 24. Rxb6 Rde8 25. a5 Bb7 26. a6 Ba8 27. Rb3 h4 28. g3 hxg3
29. hxg3 Qd7 30. a7 Qc7 31. Kg2 Bb7 32. Qb2 Ra8 33. Ra1 Qc8 34. Rba3 Qe6 35. Qd2
Bc8 36. R1a2 Rb7 37. Qc1 Qe7 38. Qa1 Qe3 39. Qd1 Bf6 40. Qg1 Qe7 41. Qa1 Rb4 42.
Ra4 Rxa4 43. Rxa4 Kg7 44. Kf2 Qb7 45. Qa2 Qe7 46. Qa1 Bb7 47. Qb1 Re8 48. Qd3
Ba8 49. Nd1 Qe4 50. Qxe4 Rxe4 51. Ndc3 Re7 52. Ra6 Rb7 53. Na4 Bd8 54. Nb6 Bxb6
55. cxb6 Rd7 56. Nc3 c5 57. Nb5 Rd8 58. Nc7 Bb7 59. a8=Q Bxa8 60. Rxa8 1-0

[Event "Turkish Cup 2016"]
[Site "Manavgat TUR"]
[Date "2016.02.06"]
[Round "11.26"]
[White "Aydin, Ersin"]
[Black "Donmez, Yusuf"]
[Result "0-1"]
[WhiteElo "1943"]
[BlackElo "2071"]
[WhiteTeam "ANKARA"]
[BlackTeam "KARAMAN"]
[WhiteFideId "6306187"]
[BlackFideId "6301967"]
[EventDate "2016.01.30"]

1. d4 Nf6 2. c4 g6 3. g3 Bg7 4. Bg2 O-O 5. Nf3 d6 6. O-O Nc6 7. Nc3 a6 8. e4 Bg4
9. Be3 e5 10. d5 Nd4 11. Bxd4 exd4 12. Qxd4 Re8 13. Qd3 Nd7 14. h3 Nc5 15. Qc2
Bxc3 16. bxc3 Bxf3 17. Bxf3 Qf6 18. Bg2 Re7 19. Rae1 Rae8 20. Re2 Qg5 21. Rfe1
h5 22. h4 Qg4 23. Kh2 Qd7 24. f4 Qa4 25. Qxa4 Nxa4 26. Re3 b6 27. e5 Kf8 28. Bh3
f5 29. Kg1 Nc5 30. Bg2 Nd7 31. e6 Nc5 32. Rb1 Kg7 33. Ree1 Kf6 34. Red1 Ra8 35.
Rd2 Ree8 36. Kf2 a5 37. Ke3 a4 38. Rb4 a3 39. Rd1 Na4 40. Kd4 Ra5 41. Re1 Ke7
42. Bf3 Rea8 43. Bd1 Nc5 44. Bc2 R5a7 45. Reb1 Nxe6+ 46. Ke3 Nc5 47. Re1 Kf7 48.
Kd4 Re8 49. Rxe8 Kxe8 50. Rb1 Kf7 51. Rc1 Ra5 52. Rb1 Kf6 53. Bd3 Ra8 54. Re1
Kf7 55. Rc1 Re8 56. Rb1 Kf6 57. Rc1 Na4 58. Rb1 Re7 59. Rc1 Nb2 60. Rb1 Na4 61.
Rc1 Nc5 62. Bc2 Re2 63. Bb1 Rg2 64. Re1 Kf7 65. Re3 Rd2+ 66. Bd3 Rxa2 0-1

[Event "Turkish Cup 2016"]
[Site "Manavgat TUR"]
[Date "2016.02.06"]
[Round "11.28"]
[White "Ozen, Batuhan"]
[Black "Mecit, Emre"]
[Result "1-0"]
[WhiteElo "1921"]
[BlackElo "2092"]
[WhiteTeam "DENIZLI"]
[BlackTeam "YALOVA"]
[WhiteFideId "6345123"]
[BlackFideId "6304214"]
[EventDate "2016.01.30"]

1. Nf3 g6 2. g3 Bg7 3. Bg2 c5 4. O-O Nc6 5. c4 d6 6. Nc3 e5 7. Rb1 Nge7 8. Nd5
O-O 9. Ne1 Nxd5 10. cxd5 Ne7 11. d3 b6 12. e4 h6 13. f4 exf4 14. gxf4 f5 15. Nf3
Kh7 16. Re1 Bb7 17. h4 Rc8 18. b3 c4 19. bxc4 fxe4 20. Rxe4 Nf5 21. Qe1 Rc7 22.
Bb2 Bxb2 23. Rxb2 Qf6 24. Rbe2 b5 25. Re6 Qg7 26. R6e4 bxc4 27. dxc4 Ba6 28. Rc2
Rfc8 29. Bf1 Bb7 30. Rg2 Qf8 31. Bd3 Bxd5 32. h5 Bxe4 33. Qxe4 Rc5 34. Qe6 R8c7
35. Rxg6 Re7 36. Rxh6+ Qxh6 37. Qxe7+ Qg7+ 38. Ng5+ Kh6 39. Qe6+ Kxh5 40. Bxf5
Qd4+ 41. Kg2 Rxf5 42. Qxf5 Qd2+ 43. Kh3 Qd3+ 44. Qxd3 1-0

[Event "Turkish Cup 2016"]
[Site "Manavgat TUR"]
[Date "2016.02.06"]
[Round "11.29"]
[White "Taskaya, Muhammed"]
[Black "Gundogan, Cem"]
[Result "1/2-1/2"]
[WhiteElo "1911"]
[BlackElo "2076"]
[WhiteTeam "KARAMAN"]
[BlackTeam "KOCAELI"]
[WhiteFideId "6363865"]
[BlackFideId "6311032"]
[EventDate "2016.01.30"]

1. e4 d6 2. d4 Nf6 3. Nc3 g6 4. Be2 Bg7 5. Nf3 O-O 6. h3 a6 7. Be3 b5 8. a3 Bb7
9. e5 dxe5 10. dxe5 Ne4 11. Nxe4 Bxe4 12. O-O Nd7 13. Ng5 Bf5 14. f4 1/2-1/2

[Event "Turkish Cup 2016"]
[Site "Manavgat TUR"]
[Date "2016.02.06"]
[Round "11.30"]
[White "Ozenir, Ekin Baris"]
[Black "Gulsoy, Mustafa Alpago"]
[Result "1-0"]
[WhiteTitle "CM"]
[WhiteElo "2097"]
[BlackElo "1957"]
[WhiteTeam "MERSIN"]
[BlackTeam "KARAMAN"]
[WhiteFideId "6357415"]
[BlackFideId "6337074"]
[EventDate "2016.01.30"]

1. d4 g6 2. c4 Bg7 3. Nc3 d6 4. e4 Nc6 5. Be3 e5 6. d5 Nce7 7. Bd3 f5 8. f3 Nf6
9. Qd2 h6 10. h3 f4 11. Bf2 g5 12. Nge2 Ng6 13. O-O-O h5 14. Kb1 g4 15. hxg4
hxg4 16. Rxh8+ Bxh8 17. Rh1 g3 18. Nxf4 exf4 19. e5 Kf7 20. e6+ Kg8 21. Bxg6
gxf2 22. Bf7+ Kg7 23. Qxf4 f1=Q+ 24. Rxf1 Kf8 25. Rh1 Bg7 26. g4 b6 27. g5 Ba6
28. gxf6 Qxf6 29. Qxf6 Bxf6 30. Ne4 1-0

[Event "Turkish Cup 2016"]
[Site "Manavgat TUR"]
[Date "2016.02.06"]
[Round "11.33"]
[White "Sakir, Ridvan"]
[Black "Gyokbulut, Julia"]
[Result "0-1"]
[BlackTitle "WFM"]
[WhiteElo "2093"]
[BlackElo "1976"]
[WhiteTeam "ADANA"]
[BlackTeam "ANKARA"]
[WhiteFideId "6365434"]
[BlackFideId "4153979"]
[EventDate "2016.01.30"]

1. e4 c5 2. Nf3 e6 3. d4 cxd4 4. Nxd4 a6 5. Bd3 Bc5 6. Nb3 Be7 7. O-O Nc6 8. Qg4
g6 9. Qe2 d6 10. c4 h5 11. Nc3 Nf6 12. f4 Ng4 13. Bd2 Bf6 14. Rae1 Nd4 15. Nxd4
Bxd4+ 16. Kh1 Nxh2 17. g3 Nxf1 18. Rxf1 Qe7 19. f5 Bd7 20. Qf3 O-O-O 21. f6 Qe8
22. b4 Bxc3 23. Bxc3 e5 24. b5 Qe6 25. bxa6 b6 26. Rb1 h4 27. g4 Qxg4 28. Qxg4
Bxg4 29. Rxb6 Kd7 30. c5 Ke6 31. c6 Rc8 32. Bc4+ Kxf6 33. Bd5 Be6 34. a7 h3 35.
Kh2 g5 36. Rb7 g4 37. Be1 Kg5 38. c7 Bxd5 39. exd5 Ra8 40. Bf2 f5 41. Rb8 f4 42.
Rxa8 Rxa8 43. Bc5 Rh8 44. c8=Q Rxc8 45. Bxd6 Rc2+ 46. Kg1 Rxa2 47. Bc5 g3 48.
Kh1 h2 49. d6 Ra1+ 0-1

[Event "Turkish Cup 2016"]
[Site "Manavgat TUR"]
[Date "2016.02.06"]
[Round "11.34"]
[White "Oner, Oguz"]
[Black "Dogdu, Mehmet"]
[Result "1/2-1/2"]
[WhiteElo "1858"]
[BlackElo "2043"]
[WhiteTeam "MERSIN"]
[BlackTeam "KONYA"]
[WhiteFideId "6329330"]
[BlackFideId "6315623"]
[EventDate "2016.01.30"]

1. d4 Nf6 2. c4 g6 3. Nc3 Bg7 4. e4 O-O 5. f3 d6 6. Be3 e5 7. Nge2 exd4 8. Nxd4
Re8 9. Qd2 c6 10. Be2 d5 11. exd5 cxd5 12. O-O dxc4 13. Bxc4 Rxe3 14. Qxe3 Ng4
15. Bxf7+ Kh8 16. Ne6 Nxe3 17. Nxd8 Nxf1 18. Kxf1 Nc6 19. Ne6 Be5 20. Kf2 Bxe6
21. Bxe6 Rd8 22. Ne4 1/2-1/2

[Event "Turkish Cup 2016"]
[Site "Manavgat TUR"]
[Date "2016.02.06"]
[Round "11.36"]
[White "Arda, Cagil Irmak"]
[Black "Agdelen, Huseyin Can"]
[Result "1/2-1/2"]
[WhiteTitle "WCM"]
[WhiteElo "1907"]
[BlackElo "1992"]
[WhiteTeam "ISTANBUL"]
[BlackTeam "K.K.T.C."]
[WhiteFideId "6351700"]
[BlackFideId "6352260"]
[EventDate "2016.01.30"]

1. e4 c5 2. Nf3 d6 3. Bb5+ Nd7 4. O-O a6 5. Bd3 Ngf6 6. c3 b5 7. Bc2 Bb7 8. Re1
e6 9. d4 cxd4 10. cxd4 Be7 11. a3 O-O 12. Nc3 Qb6 13. e5 dxe5 14. dxe5 Ng4 15.
Rf1 Ndxe5 16. Nxe5 Nxe5 17. Bxh7+ Kxh7 18. Qh5+ Kg8 19. Qxe5 Bf6 20. Qg3 Rfd8
21. Bg5 Bxg5 1/2-1/2

[Event "Turkish Cup 2016"]
[Site "Manavgat TUR"]
[Date "2016.02.06"]
[Round "11.37"]
[White "Kesgin, Halit Kaan"]
[Black "Subasi, Cagrican"]
[Result "1-0"]
[WhiteElo "1893"]
[BlackElo "1766"]
[WhiteTeam "IZMIR"]
[BlackTeam "DUZCE"]
[WhiteFideId "6349137"]
[BlackFideId "6388167"]
[EventDate "2016.01.30"]

1. e4 e6 2. d4 d5 3. Nd2 Nf6 4. e5 Nfd7 5. Bd3 c5 6. c3 Nc6 7. Ne2 cxd4 8. cxd4
f6 9. exf6 Nxf6 10. O-O Bd6 11. Nf3 O-O 12. Bg5 Bd7 13. a3 a5 14. Qb1 h6 15. Bf4
Qb8 16. Bxd6 Qxd6 17. Re1 Be8 18. Ng3 Nh5 19. Bb5 Nf4 20. Bxc6 bxc6 21. Qc2 Nh3+
22. Kh1 Rf6 23. Re3 Bg6 24. Qe2 Nf4 25. Qd2 Raf8 26. Rae1 Be4 27. Rxe4 dxe4 28.
Nxe4 Qd5 29. Nxf6+ Rxf6 30. Qe3 Qh5 31. Ne5 Nd5 32. Qg3 Qf5 33. f3 Qc2 34. Nd7
Rg6 35. Qb8+ 1-0

[Event "Turkish Cup 2016"]
[Site "Manavgat TUR"]
[Date "2016.02.06"]
[Round "11.38"]
[White "Daghan, Devran"]
[Black "Guven, Oguz Kagan"]
[Result "1/2-1/2"]
[WhiteElo "2004"]
[BlackElo "1854"]
[WhiteTeam "KARAMAN"]
[BlackTeam "IZMIR"]
[WhiteFideId "6371930"]
[BlackFideId "6325297"]
[EventDate "2016.01.30"]

1. b4 d5 2. Bb2 Nf6 3. Nf3 e6 4. b5 a6 5. a4 axb5 6. axb5 Rxa1 7. Bxa1 Bd6 8. e3
O-O 9. c4 Nbd7 10. cxd5 exd5 11. Be2 c5 12. bxc6 bxc6 13. O-O c5 14. Qc2 Qc7 15.
Nc3 Qa5 16. Qb2 c4 17. Nb5 Be7 18. g4 Ba6 19. Nbd4 Rb8 20. Qc2 Qb6 21. Nf5 Bf8
22. g5 Ne4 23. d3 cxd3 24. Bxd3 Qg6 25. N5h4 Bxd3 26. Qxd3 Qe6 27. Ng2 Ndc5 28.
Qd4 1/2-1/2

[Event "Turkish Cup 2016"]
[Site "Manavgat TUR"]
[Date "2016.02.06"]
[Round "11.39"]
[White "Camci, Ali Ammar"]
[Black "Cam, Vedat"]
[Result "1-0"]
[WhiteElo "2074"]
[BlackElo "1857"]
[WhiteTeam "SAKARYA"]
[BlackTeam "BITLIS"]
[WhiteFideId "6305130"]
[BlackFideId "6383424"]
[EventDate "2016.01.30"]

1. f4 d5 2. b3 Nf6 3. Bb2 c5 4. e3 Nc6 5. Bb5 Bg4 6. Nf3 e6 7. d3 Qa5+ 8. Nc3 d4
9. Bxc6+ bxc6 10. Qd2 Bxf3 11. gxf3 dxc3 12. Bxc3 Qd8 13. O-O-O a5 14. Rhg1 Nd5
15. Bb2 a4 16. e4 Nf6 17. f5 axb3 18. axb3 exf5 19. exf5 Bd6 20. Rde1+ Kd7 21.
Rxg7 Rf8 22. Kb1 Nd5 23. d4 Bf4 24. Qe2 Qa5 25. Rxf7+ Rxf7 26. Qe6+ Kc7 27.
Qxf7+ Kb6 28. dxc5+ Kxc5 29. c3 Nxc3+ 30. Kc2 Nd5 31. Re2 Nb4+ 32. Kc3 Nd5+ 33.
Kc2 Qb5 34. Qe6 Nb4+ 35. Kd1 Rd8+ 36. Ke1 Nd3+ 37. Kf1 Nxb2 38. Qe7+ Rd6 39. f6
Kb6 40. f7 Rd1+ 41. Kg2 Qh5 42. Qb4+ Ka6 43. Qxf4 Qg6+ 44. Kh3 Qh5+ 45. Kg2 Qg6+
46. Qg4 Qxf7 47. Rxb2 Rd5 48. Ra2+ Kb7 1-0

[Event "Turkish Cup 2016"]
[Site "Manavgat TUR"]
[Date "2016.02.06"]
[Round "11.41"]
[White "Kilic, Ihsan"]
[Black "Kilic, Cihan"]
[Result "0-1"]
[WhiteElo "2061"]
[BlackElo "1912"]
[WhiteTeam "MERSIN"]
[BlackTeam "SIIRT"]
[WhiteFideId "6305334"]
[BlackFideId "34557237"]
[EventDate "2016.01.30"]

1. d4 Nf6 2. Nf3 e6 3. Bf4 Be7 4. e3 O-O 5. Bd3 b6 6. Nbd2 Bb7 7. c3 d5 8. Ne5
c5 9. h4 Nbd7 10. Qf3 c4 11. Ndxc4 dxc4 12. Bxh7+ Nxh7 13. Qxb7 Nxe5 14. Bxe5
Bf6 15. O-O-O Qd5 16. Qxd5 exd5 17. f4 Be7 18. f5 Rfe8 19. g4 Bf6 20. Bf4 g5 21.
fxg6 fxg6 22. g5 Be7 23. Rdg1 Rad8 24. h5 Bd6 25. hxg6 Nf8 26. Rh6 Re6 27. Rgh1
Nxg6 28. Rh7 Re7 29. R7h6 Rg7 30. Bxd6 Rxd6 31. Rf1 Rdd7 32. Rf6 Nf8 33. g6 Rde7
34. Kd2 Re6 35. Rf5 Rd6 36. Rhh5 Rdxg6 37. Rxd5 Rg1 38. Rh2 R7g2+ 39. Rxg2+
Rxg2+ 40. Kc1 Kf7 41. e4 Ke7 42. e5 Ne6 43. Rd6 Nf4 44. Rc6 b5 45. Rc7+ Ke6 46.
Rxa7 Nd3+ 47. Kb1 Rxb2+ 48. Ka1 Rc2 49. a4 Rxc3 50. axb5 Rb3 51. Ra6+ Ke7 52. b6
c3 53. Ra7+ Ke6 54. b7 c2 55. Ra6+ Ke7 56. Rc6 Rb1+ 0-1

[Event "Turkish Cup 2016"]
[Site "Manavgat TUR"]
[Date "2016.02.06"]
[Round "11.42"]
[White "Soyek, Ramazan"]
[Black "Kerem, Halil Ozgun"]
[Result "1-0"]
[WhiteElo "1982"]
[BlackElo "1848"]
[WhiteTeam "BURDUR"]
[BlackTeam "KARAMAN"]
[WhiteFideId "6314953"]
[BlackFideId "6348475"]
[EventDate "2016.01.30"]

1. e4 c5 2. Nf3 d6 3. d4 cxd4 4. Nxd4 Nf6 5. f3 e5 6. Bb5+ Nbd7 7. Nf5 d5 8.
exd5 a6 9. Ba4 b5 10. Bb3 Nb6 11. Ne3 Bb7 12. Nc3 b4 13. Na4 Nbxd5 14. O-O Be7
15. Re1 Nxe3 16. Bxe3 Nd7 17. Qd3 Qc7 18. Rad1 Rd8 19. Qc4 Qxc4 20. Bxc4 O-O 21.
Bd5 Bxd5 22. Rxd5 f6 23. Red1 Nb8 24. Nb6 Kf7 25. Kf2 Ke6 26. Ke2 Rxd5 27. Rxd5
Rd8 28. Ra5 Rd6 29. Nc8 Rc6 30. Nxe7 Kxe7 31. Bc5+ Ke6 32. Kd3 b3 33. axb3 Nd7
34. b4 f5 35. c4 g5 36. Be3 g4 37. b5 axb5 38. cxb5 Rd6+ 39. Kc4 f4 40. Ba7 Rd2
41. Ra6+ Kf5 42. fxg4+ Kxg4 43. Kc3 Rxg2 44. Rd6 Nf8 45. b6 Rg1 46. b7 Rc1+ 47.
Kd2 Rh1 48. b8=Q Rxh2+ 49. Kc3 Ng6 50. Qc8+ Kg3 51. Rd3+ f3 52. Qf5 Nf4 53. Qg5+ 1-0